Pacific Rising : (Record no. 22132)

MARC details
000 -LEADER
fixed length control field 00657nam a22002537a 4500
003 - CONTROL NUMBER IDENTIFIER
control field IBSLLIB
005 - DATE AND TIME OF LATEST TRANSACTION
control field 20260514062356.0
008 - FIXED-LENGTH DATA ELEMENTS--GENERAL INFORMATION
fixed length control field 260514b |||||||| |||| 00| 0 eng d
020 ## - INTERNATIONAL STANDARD BOOK NUMBER
International Standard Book Number 0138077932
040 ## - CATALOGING SOURCE
Original cataloging agency IBSLLIB
Language of cataloging English
041 ## - LANGUAGE CODE
Language code of original English
082 ## - DEWEY DECIMAL CLASSIFICATION NUMBER
Classification number 330.9
Item number WIN
100 ## - MAIN ENTRY--PERSONAL NAME
Personal name Winchester , Simon
245 ## - TITLE STATEMENT
Title Pacific Rising :
Remainder of title The Emergence Of A New World Culture
260 ## - PUBLICATION, DISTRIBUTION, ETC. (IMPRINT)
Place of publication, distribution, etc. New York :
Name of publisher, distributor, etc. Prentice Hall Press ,
Date of publication, distribution, etc. 1991
300 ## - PHYSICAL DESCRIPTION
Extent 497 P ;
Dimensions 24 cm
650 ## - SUBJECT ADDED ENTRY--TOPICAL TERM
Topical term or geographic name as entry element Pacific Rising
653 ## - INDEX TERM--UNCONTROLLED
Uncontrolled term Geography
653 ## - INDEX TERM--UNCONTROLLED
Uncontrolled term climate Change
653 ## - INDEX TERM--UNCONTROLLED
Uncontrolled term Maps
653 ## - INDEX TERM--UNCONTROLLED
Uncontrolled term Political Geography
653 ## - INDEX TERM--UNCONTROLLED
Uncontrolled term Exploration
942 ## - ADDED ENTRY ELEMENTS (KOHA)
Koha item type Lending Book
Holdings
Withdrawn status Lost status Damaged status Not for loan Collection code Permanent Location Current Location Shelving location Date acquired Source of acquisition Inventory number Full call number Barcode Koha item type
        Lending Collection IBSL Library IBSL Library Lending Section 30/04/2026 Donations 10867 330.9 WIN 10867 Lending Book
Copyright © 2024 IBSL Library, All rights reserved.
mail to: library@ibsl.lk | Contact: 0112425735 | Library Address: IBSL Library, 80A, Elvitigala Mawatha, Colombo 008